000 00884nam a2200241 i 4500
001 106439
003 ES-MaACL
005 20230906184139.0
007 t|
008 061120m1998 sp ||||1| spa d
020 _a84-249-1977-7
080 _a821.14-83"01"
100 1 _aAteneo de Náucratis.
_923727
245 1 0 _aBanquete de los eruditos /
_cAteneo ; introducción, traducción y notas de Lucía Rodríguez-Noriega Guillén.
260 _aMadrid :
_bGredos,
_c1998-
300 _av. <1-4> ;
_c20 cm.
490 1 _aBiblioteca clásica Gredos ;
_v257-258 ; 349-350
505 8 _aContiene: T. 1: Libros I-II -- T.2: Libros III-V -- T.3: Libros VI-VII -- T. 4: Libros VIII-X
700 1 _aRodríguez-Noriega Guillén, Lucía.
_998700
830 0 _aBiblioteca clásica Gredos ;
_v257-258 ; 349-350
_9177556
852 _aES-MaACL
_jP-1988
_bR.138151
999 _c106439
_d106439